000 00700nam a2200241Ia 4500
003 OSt
005 20220926021142.0
006 a|||||r|||| 00| 0
007 ta
008 220923b |||||||| |||| 00| 0 eng d
037 _cGeneral Book
040 _aRTL
_cRTL
_beng
041 _2eng
_aeng
082 _aV1N45.N81a, M1.2/UN
110 _aUNITED NATIONS.
245 0 _aUnited Nations document index
_b Subject index.
260 _aNew York
_bU.N.
_c1982
300 _aix; 415p.
_ccm.
490 _vVol.2
_aUnited Nations Bibliographic Information System.
700 _aUNITED NATIONS.
942 _hV1N45.N81a, M1.2/UN
_cGB
_2CC
999 _c635959
_d635959